<?xml version="1.0" encoding="UTF-8"?>
<collection xmlns="http://www.loc.gov/MARC21/slim">
<record>
  <controlfield tag="001">6671</controlfield>
  <controlfield tag="005">20240125155240.0</controlfield>
  <datafield tag="037" ind1=" " ind2=" ">
    <subfield code="a">RADIOTV-2024-0001</subfield>
  </datafield>
  <datafield tag="100" ind1=" " ind2=" ">
    <subfield code="a">Merle, Thibault</subfield>
  </datafield>
  <datafield tag="245" ind1=" " ind2=" ">
    <subfield code="a">#5. Avec Thibault, de l'Observatoire Royal de Belgique</subfield>
  </datafield>
  <datafield tag="260" ind1=" " ind2=" ">
    <subfield code="c">2024</subfield>
  </datafield>
  <datafield tag="269" ind1=" " ind2=" ">
    <subfield code="c">2024-01-06</subfield>
  </datafield>
  <datafield tag="520" ind1=" " ind2=" ">
    <subfield code="a">#PODCAST  🎙 Thibault Merle, chercheur à l’Observatoire royal de Belgique et à l’ULB, nous parle de son travail d’astronome✨ dans la série de podcasts « C’est quoi ton taff ? » qui part à la rencontre de différents métiers. Écoutez-le ici 🎧👂 </subfield>
  </datafield>
  <datafield tag="536" ind1=" " ind2=" ">
    <subfield code="a">Prf-2020-033_BISTRO/</subfield>
    <subfield code="c">Prf-2020-033_BISTRO/</subfield>
    <subfield code="f">Prf-2020-033_BISTRO</subfield>
  </datafield>
  <datafield tag="594" ind1=" " ind2=" ">
    <subfield code="a">NO</subfield>
  </datafield>
  <datafield tag="773" ind1=" " ind2=" ">
    <subfield code="t">C'est quoi ton taff ?</subfield>
  </datafield>
  <datafield tag="856" ind1="0" ind2=" ">
    <subfield code="f">thibault.merle@ksb-orb.be</subfield>
  </datafield>
  <datafield tag="856" ind1="4" ind2="2">
    <subfield code="a">https://smartlink.ausha.co/c-est-quoi-ton-taff/5-avec-thibault-de-l-observatoire-royal-de-belgique</subfield>
  </datafield>
  <datafield tag="980" ind1=" " ind2=" ">
    <subfield code="a">RADIOTV</subfield>
  </datafield>
</record>
</collection>